| 000 | 01040cam a2200241 4500 | ||
|---|---|---|---|
| 001 | gs 68000303 | ||
| 003 | DLC | ||
| 005 | 20260227111423.0 | ||
| 008 | 690708s1967 aluab 000 0 eng c | ||
| 010 | _ags 68000303 //r933 | ||
| 040 |
_aU.S. Geological Survey Library _cDLC _dDLC |
||
| 050 | 1 | 0 |
_aGB1025 _b.A2A3 no. 36 |
| 245 | 0 | 0 |
_aMineral and water resources, _bButler County, Alabama. |
| 260 | 0 |
_aUniversity, Ala., _c1967. |
|
| 300 |
_a37 p. _billus., maps (part col.) _c28 cm. |
||
| 490 | 1 |
_aAlabama. Geological Survey. Information series ; _v36 |
|
| 500 | _aPrepared cooperatively by the U.S. Geological Survey, Water Resources Division, U.S. Bureau of Mines, and the Geological Survey and Oil and Gas Board of Alabama. | ||
| 650 | 0 |
_aMines and mineral resources _zAlabama _zButler County. |
|
| 650 | 0 |
_aGroundwater _zAlabama _zButler County. |
|
| 650 | 0 |
_aWater-supply _zAlabama _zButler County. |
|
| 710 | 2 | 0 |
_aGeological Survey (U.S.). _bWater Resources Division. |
| 830 | 0 |
_aInformation series (Geological Survey of Alabama) ; _v36. |
|
| 999 |
_c30512 _d30512 |
||